[Event "ICS rated blitz match"]
[Site "204.178.125.65"]
[Date "2000.02.28"]
[Round "?"]
[White "Beadle"]
[Black "Hossa"]
[Result "1-0"]
[WhiteElo "2628"]
[BlackElo "2379"]
[PlyCount "157"]

1. e4 c5 2. Nf3 e6 3. Nc3 Nc6 4. d4 cxd4 5. Nxd4 Bb4 6. Nxc6 Bxc3+ 7. bxc3 bxc6
8. Qd6 f5 9. exf5 exf5 10. Bf4 Qe7+ 11. Kd2 Nf6 12. Bd3 Qxd6 13. Bxd6 Kf7 14.
Bxf5 g6 15. Bd3 Ke6 16. Bc5 d6 17. Rhe1+ Kd7 18. Bd4 Rf8 19. Rab1 Nd5 20. Be4
Nb6 21. Bf3 Nc4+ 22. Kc1 Ba6 23. h3 h5 24. Rd1 Rfe8 25. Rb4 Bb5 26. g3 a5 27.
Rb1 Rab8 28. g4 h4 29. Bf6 Rf8 30. g5 Rbe8 31. Rb3 a4 32. Rb4 a3 33. Rb3 Kc7
34. Rg1 Kb6 35. Rb4 Kc7 36. Kd1 Nb2+ 37. Kd2 Bc4 38. Rg4 d5 39. Rb3 Bxb3 40.
cxb3 Kd6 41. Rxh4 Rf7 42. c4 dxc4 43. bxc4 Rb8 44. Rf4 Rh7 45. Re4 Rf8 46. Ke2
Rff7 47. Bg4 Kc5 48. Be6 Rb7 49. Bd4+ Kb4 50. c5 Kb5 51. Ke3 Rh5 52. f4 Re7 53.
Bf6 Reh7 54. Kd4 Rb7 55. f5 Rxh3 56. fxg6 Rd3+ 57. Ke5 Rb8 58. g7 Rd5+ 59. Bxd5
Nd3+ 60. Kd4 cxd5 61. Rh4 Nb4 62. Rh8 Rb7 63. g8=Q Nc6+ 64. Kxd5 Rd7+ 65. Ke4
Kxc5 66. Qf8+ Kb6 67. g6 Rd1 68. g7 Re1+ 69. Kf3 Rg1 70. Bd8+ Kb5 71. Rh5+ Ka6
72. Qxa3+ Kb7 73. Rb5+ Kc8 74. Qa8+ Kd7 75. Rd5+ Ke6 76. g8=Q+ Rxg8 77. Qxc6+
Kf7 78. Qf6+ Ke8 79. Qe7# 1-0

[Event "ICS rated blitz match"]
[Site "204.178.125.65"]
[Date "2000.02.28"]
[Round "?"]
[White "Hossa"]
[Black "Beadle"]
[Result "0-1"]
[WhiteElo "2373"]
[BlackElo "2634"]
[PlyCount "146"]

1. e4 c5 2. Nf3 e6 3. d4 cxd4 4. Nxd4 Nc6 5. Nb5 d6 6. c4 Nf6 7. N1c3 a6 8. Na3
Be7 9. Be2 O-O 10. O-O b6 11. Be3 Bb7 12. Qb3 Nd7 13. Rad1 Nc5 14. Bxc5 bxc5
15. Nc2 Bf6 16. Nd5 Na5 17. Nxf6+ Qxf6 18. Qb6 Bxe4 19. Ne3 Nc6 20. Rxd6 Nd4
21. Bg4 Rfc8 22. b4 Rab8 23. Qxa6 Ra8 24. Qb6 Rab8 25. Qa6 cxb4 26. h3 Kh8 27.
Qa7 Nc6 28. Qc5 Ra8 29. Rd2 Ra5 30. Qb6 Rb8 31. Qc7 Rba8 32. Rfd1 h5 33. f3 Qc3
34. Nf1 hxg4 35. fxe4 Qxc4 36. Qxf7 gxh3 37. Rd3 Qc5+ 38. Kh2 Qe5+ 39. Kg1 Ra3
40. Rxa3 Rxa3 41. Qe8+ Kh7 42. Qxc6 Rxa2 43. g3 Qh5 44. Rd2 Rxd2 45. Nxd2 Qe2
46. e5 Qxd2 47. Qe4+ g6 48. Qh4+ Kg8 49. Qxh3 Qd4+ 50. Kg2 Qb2+ 51. Kg1 Qxe5
52. Qg4 g5 53. Kh2 b3 54. Qd1 b2 55. Qd8+ Kf7 56. Qd7+ Kg6 57. Qe8+ Kf5 58. Qh5
Qb5 59. Qh7+ Ke5 60. Qb1 Qe2+ 61. Kh3 Qf2 62. Qa2 Qf1+ 63. Kg4 Qf5+ 64. Kh5
b1=Q 65. Qa5+ Kf6 66. Qd8+ Kg7 67. Qe7+ Qf7+ 68. Qxf7+ Kxf7 69. Kxg5 Qe4 70. g4
Qe5+ 71. Kh4 Qh2+ 72. Kg5 e5 73. Kf5 Qf4# 0-1

[Event "ICS rated blitz match"]
[Site "204.178.125.65"]
[Date "2000.02.28"]
[Round "?"]
[White "Beadle"]
[Black "Hossa"]
[Result "1-0"]
[WhiteElo "2640"]
[BlackElo "2367"]
[PlyCount "393"]

1. e4 e5 2. Nf3 Nc6 3. Bb5 a6 4. Bxc6 dxc6 5. O-O Bg4 6. h3 h5 7. c3 Bxf3 8.
Qxf3 Qf6 9. Qe2 g5 10. d3 g4 11. hxg4 hxg4 12. Qxg4 Rh7 13. Be3 Qh8 14. f4 Nf6
15. Qf3 O-O-O 16. fxe5 Nd7 17. d4 c5 18. Bg5 Re8 19. Nd2 cxd4 20. cxd4 Bb4 21.
Rfc1 Rg8 22. Qf4 Bxd2 23. Qxd2 c6 24. a4 Rh5 25. Bf4 Rh1+ 26. Kf2 Qh4+ 27. Kf3
Rh3+ 28. gxh3 Qxh3+ 29. Ke2 Rg2+ 30. Kd1 Qg4+ 31. Kc2 Rxd2+ 32. Bxd2 Qxe4+ 33.
Kc3 c5 34. Kb3 Qxd4 35. Bc3 Qd5+ 36. Kc2 Nxe5 37. Bxe5 Qxe5 38. Re1 Qf5+ 39.
Kc3 Qf6+ 40. Kc2 Qg6+ 41. Kc1 f5 42. Ra3 Qg5+ 43. Kb1 Qh4 44. Re5 b6 45. a5 Qd4
46. Re8+ Kd7 47. Ree3 Qd1+ 48. Ka2 Qd5+ 49. Kb1 Kc6 50. axb6 Kxb6 51. Rad3 Qg2
52. Re6+ Kb5 53. Rb3+ Kc4 54. Ra3 f4 55. Rf6 Qf1+ 56. Ka2 Kd4 57. Raxa6 Qc4+
58. Kb1 Ke5 59. Rh6 Qf1+ 60. Kc2 Qe2+ 61. Kc1 Qe1+ 62. Kc2 Qe4+ 63. Kc1 Qg2 64.
Rhe6+ Kd4 65. Red6+ Ke3 66. Re6+ Kf2 67. Rad6 Qf1+ 68. Kd2 Qb1 69. Rb6 Qa2 70.
Red6 Kf3 71. Kd3 Qb1+ 72. Kd2 Qa1 73. Re6 Qa2 74. Kc3 Qa4 75. Rbd6 Qb4+ 76. Kc2
Qc4+ 77. Kd2 Qa2 78. Kc3 Qb1 79. Rd2 Qc1+ 80. Rc2 Qa1 81. Rd2 Qa5+ 82. Kc2 c4
83. Rdd6 Qb5 84. Kc1 Qb3 85. Re5 Qb8 86. Rdd5 Qa7 87. Re6 Qg7 88. Ree5 Qg2 89.
Rd1 Kg4 90. Re7 Qf3 91. Rd4 Qf1+ 92. Kc2 Qf2+ 93. Kc3 Qf3+ 94. Kxc4 Qc6+ 95.
Kb3 Qb5+ 96. Rb4 Qd3+ 97. Ka2 Qd5+ 98. b3 Qa5+ 99. Ra4 Qd2+ 100. Kb1 Qc3 101.
Rb7 Kg3 102. Rc4 Qd3+ 103. Kb2 Qd2+ 104. Rc2 Qd4+ 105. Ka2 Qe5 106. Rbc7 Qd6
107. Rg7+ Kf3 108. Rcc7 Kf2 109. Rgd7 Qb4 110. Kb2 Qf8 111. Rf7 Qd6 112. Rc4
Qe5+ 113. Rc3 Qd4 114. Rfc7 Kg1 115. Ka2 Qd5 116. R3c5 Qe6 117. Rc1+ Kg2 118.
R1c2+ Kg3 119. Rg7+ Kf3 120. Rcc7 Qd6 121. Rgd7 Qb4 122. Kb2 Qe4 123. Re7 Qd4+
124. Kc2 Kg3 125. Rc3+ Kg4 126. Rc4 Qf2+ 127. Kc3 Qf3+ 128. Kb4 Qd5 129. Ree4
Qd6+ 130. Kc3 Qf6+ 131. Rcd4 Qc6+ 132. Kb2 Kg5 133. Rxf4 Qg2+ 134. Kc3 Qh3+
135. Rd3 Qh1 136. Rff3 Qa1+ 137. Kb4 Qa7 138. Rd5+ Kg4 139. Rff5 Qa8 140. Rc5
Qa6 141. Kc3 Qa1+ 142. Kc4 Qa6+ 143. Rb5 Qe6+ 144. Kd4 Qd6+ 145. Kc3 Qc7+ 146.
Rbc5 Qg7+ 147. Kd3 Qg6 148. b4 Qa6+ 149. b5 Qa3+ 150. Kc4 Qa4+ 151. Kc3 Qa1+
152. Kb3 Qb1+ 153. Kc4 Qc2+ 154. Kb4 Qd2+ 155. Kb3 Qd1+ 156. Ka3 Qa1+ 157. Kb4
Qe1+ 158. Kc4 Qe2+ 159. Kc3 Qe3+ 160. Kc2 Qe2+ 161. Kc1 Qd3 162. Rg5+ Kf3 163.
Rcf5+ Ke4 164. Re5+ Kf3 165. Rgf5+ Kg2 166. Rc5 Qe3+ 167. Kb2 Qd4+ 168. Kb3
Qd3+ 169. Ka2 Qd2+ 170. Ka3 Qd1 171. Rcd5 Qc1+ 172. Kb4 Kg3 173. b6 Qc6 174.
Rb5 Qe4+ 175. Ka3 Kg2 176. Rg5+ Kh1 177. b7 Qd3+ 178. Ka4 Qd4+ 179. Rb4 Qd1+
180. Kb5 Qf1+ 181. Rc4 Qe2 182. b8=R Qb2+ 183. Kc5 Qf2+ 184. Rd4 Qc2+ 185. Kd6
Qh2+ 186. Re5 Qg3 187. Rd1+ Kg2 188. Rd2+ Kh3 189. Rh8+ Kg4 190. Rg8+ Kh4 191.
Rd4+ Kh3 192. Rxg3+ Kxg3 193. Re3+ Kf2 194. Rdd3 Kg2 195. Rd2+ Kf1 196. Rc2 Kg1
197. Re1# 1-0

[Event "ICS rated blitz match"]
[Site "204.178.125.65"]
[Date "2000.02.28"]
[Round "?"]
[White "Hossa"]
[Black "Beadle"]
[Result "0-1"]
[WhiteElo "2361"]
[BlackElo "2646"]
[PlyCount "200"]

1. c4 Nf6 2. Nc3 e5 3. g3 d5 4. cxd5 Nxd5 5. Bg2 Nb6 6. d3 Bc5 7. Bd2 Na6 8.
Nf3 O-O 9. Nxe5 Bxf2+ 10. Kxf2 Qd4+ 11. Be3 Qxe5 12. Bf4 Qe7 13. Rf1 Nc5 14.
Kg1 Rd8 15. Qe1 c6 16. Qf2 Nca4 17. Bg5 f6 18. Nxa4 Nxa4 19. Bc1 Be6 20. Qf4
Nb6 21. Rf2 Nd7 22. Bd2 Ne5 23. Bc3 Ng4 24. Rf3 Qc5+ 25. d4 Qh5 26. h3 Nh6 27.
g4 Qg6 28. e4 Nf7 29. Rf2 Ng5 30. h4 Nf7 31. Bf3 h5 32. Rg2 hxg4 33. Bxg4 Bxg4
34. Rxg4 Qh5 35. Rg2 Rd6 36. Kf2 Kh8 37. Rag1 Rg8 38. Rg3 Re6 39. Qg4 Qxg4 40.
Rxg4 Nd6 41. e5 fxe5 42. dxe5 Nb5 43. Rg5 Rh6 44. h5 Nxc3 45. bxc3 Rf8+ 46. Ke3
Re6 47. Ke4 Re7 48. Rf5 Rd8 49. Rgf1 Kg8 50. a4 Rd5 51. c4 Ra5 52. Kd4 Rxa4 53.
Kc5 Re6 54. R1f4 b6+ 55. Kd4 a5 56. Kc3 b5 57. Kb3 Ra1 58. cxb5 cxb5 59. Rf8+
Kh7 60. Re4 Ra4 61. Re3 Rb4+ 62. Ka3 Kh6 63. Rh8+ Kg5 64. Re2 Rg4 65. Ka2 Kh4
66. Re1 Rg2+ 67. Kb3 Rg3+ 68. Kc2 Rc6+ 69. Kd2 Kg4 70. Re4+ Kf5 71. Re2 Rg4 72.
Rf8+ Ke6 73. Re8+ Kf7 74. Rb8 b4 75. Ra8 Rd4+ 76. Ke3 Rd5 77. Kf4 Rc7 78. Kf5
b3 79. Rf2 Rdc5 80. Ra6 Rc2 81. Rf3 b2 82. Rb3 Rf2+ 83. Kg4 Rc4+ 84. Kg3 Rb4
85. e6+ Ke7 86. Ra7+ Kxe6 87. Ra6+ Kd5 88. Rxa5+ Kc4 89. Re3 b1=Q 90. Kxf2 Rb2+
91. Kg3 Qg1+ 92. Kf4 Rf2+ 93. Rf3 Qh2+ 94. Kg5 Qg2+ 95. Kh4 Rxf3 96. Ra4+ Kb5
97. Rg4 Qf2+ 98. Kg5 Qe3+ 99. Rf4 Qxf4+ 100. Kg6 Qh6# 0-1

[Event "ICS rated standard match"]
[Site "204.178.125.65"]
[Date "2000.02.28"]
[Round "?"]
[White "Tinker"]
[Black "Hossa"]
[Result "1-0"]
[WhiteElo "2233"]
[BlackElo "2272"]
[PlyCount "159"]

1. e4 e5 2. Nf3 Nc6 3. Bb5 a6 4. Bxc6 dxc6 5. Nc3 f6 6. h3 Be6 7. d4 exd4 8.
Nxd4 Bc4 9. Nf3 Qxd1+ 10. Nxd1 O-O-O 11. Be3 Bd6 12. Nc3 Bb4 13. a3 Bxc3+ 14.
bxc3 Ne7 15. Nd2 Be6 16. O-O-O Rd7 17. Nb3 b6 18. Rd2 Rxd2 19. Nxd2 Rd8 20. Rd1
Ng6 21. f4 Nh4 22. g3 Ng2 23. Bd4 c5 24. Bf2 f5 25. Rg1 fxe4 26. Rxg2 Re8 27.
h4 Bh3 28. Rh2 Bg4 29. Nc4 Bf3 30. Bg1 Kb7 31. Ne5 Re6 32. Rd2 Kc8 33. Nxf3
exf3 34. Kd1 Rg6 35. Bh2 Re6 36. Rf2 Rd6+ 37. Kc1 Re6 38. Kd2 Rd6+ 39. Ke3 h5
40. Rf1 f2 41. a4 a5 42. f5 Rd5 43. Rxf2 c6 44. f6 gxf6 45. Rxf6 Kb7 46. Bg1
Rd1 47. Bf2 Rd7 48. Rf5 Rh7 49. Kf4 c4 50. Kg5 c5 51. Rf4 Kc7 52. Rxc4 Kb8 53.
Rf4 Kb7 54. Rf6 Kc7 55. c4 Kb7 56. Rf5 Rh8 57. Kg6 Ka6 58. Rf6 Kb7 59. Rf7+ Kc8
60. c3 Kb8 61. Be3 Re8 62. Bf4+ Ka8 63. Kxh5 Re4 64. Kg4 Rxc4 65. h5 Rxa4 66.
h6 Ra2 67. Bg5 Rh2 68. Bh4 Re2 69. Rf8+ Kb7 70. h7 Kc6 71. h8=Q Kb5 72. Qh7 Re3
73. Qd7+ Kc4 74. Rf4+ Kxc3 75. Bf6+ Kc2 76. Rf2+ Re2 77. Rxe2+ Kb3 78. Qb5+ Ka3
79. Re3+ Ka2 80. Qb3# 1-0

[Event "ICS rated bullet match"]
[Site "204.178.125.65"]
[Date "2000.02.29"]
[Round "?"]
[White "gregada"]
[Black "Hossa"]
[Result "0-1"]
[WhiteElo "2400"]
[BlackElo "2442"]
[PlyCount "30"]

1. e4 e5 2. Nf3 Nc6 3. Bc4 Nf6 4. Nc3 Nxe4 5. Bxf7+ Kxf7 6. Nxe4 d5 7. Neg5+
Kg8 8. d4 h6 9. Nh3 Bg4 10. dxe5 Nxe5 11. Nf4 c6 12. h3 Bxf3 13. gxf3 Qe7 14.
Be3 Qb4+ 15. Qd2 Nxf3+ 0-1

[Event "ICS rated bullet match"]
[Site "204.178.125.65"]
[Date "2000.02.29"]
[Round "?"]
[White "gregada"]
[Black "Hossa"]
[Result "0-1"]
[WhiteElo "2373"]
[BlackElo "2469"]
[PlyCount "112"]

1. e4 e5 2. Bc4 Nf6 3. Nc3 Nc6 4. d3 Bb4 5. Bg5 d6 6. Nge2 Be6 7. Bb3 Nd4 8.
O-O Bg4 9. f3 Nxb3 10. axb3 Be6 11. f4 Bc5+ 12. Kh1 a6 13. fxe5 dxe5 14. Bxf6
gxf6 15. Ng3 Be7 16. Qf3 Rg8 17. Nf5 Bxf5 18. Qxf5 Rg6 19. Nd5 c6 20. Nc3 Bc5
21. Rf3 b6 22. Rh3 h6 23. Rf1 Qd4 24. Rg3 Rxg3 25. hxg3 Be7 26. g4 Qd7 27.
Qxd7+ Kxd7 28. Nd1 Rg8 29. Ne3 Bc5 30. Nf5 Rxg4 31. Kh2 Rg5 32. Kh3 h5 33. g3
Kd8 34. c3 Be7 35. b4 c5 36. bxc5 Bxc5 37. Ra1 a5 38. b4 axb4 39. cxb4 Bxb4 40.
Ra8+ Kd7 41. Ra7+ Ke6 42. Rb7 Bc5 43. Rc7 Rg6 44. Rc6+ Kd7 45. Rxb6 Bxb6 46. d4
exd4 47. e5 fxe5 48. g4 hxg4+ 49. Kg3 Ke6 50. Nxd4+ Bxd4 51. Kg2 Kf5 52. Kf1
Ke4 53. Ke2 Be3 54. Kd1 Kd3 55. Ke1 Rf6 56. Kd1 Rf1# 0-1

[Event "ICS rated bullet match"]
[Site "204.178.125.65"]
[Date "2000.02.29"]
[Round "?"]
[White "Hossa"]
[Black "gregada"]
[Result "0-1"]
[WhiteElo "2481"]
[BlackElo "2361"]
[PlyCount "76"]

1. c4 Nf6 2. Nc3 g6 3. d4 Bg7 4. e4 d6 5. Nf3 O-O 6. Be2 Nbd7 7. Bg5 e5 8. dxe5
dxe5 9. Qd2 c6 10. O-O-O Qc7 11. h3 Nc5 12. Bxf6 Bxf6 13. Rhf1 Be6 14. Qe3 b6
15. Ng5 Rad8 16. b3 Rxd1+ 17. Rxd1 Rd8 18. Rd2 Rxd2 19. Qxd2 Kg7 20. h4 h6 21.
Nxe6+ Nxe6 22. g3 Nd4 23. Bg4 Qd6 24. Kb1 Qa3 25. Qd3 Qb4 26. h5 a5 27. hxg6
fxg6 28. f4 h5 29. Bd7 a4 30. fxe5 Bxe5 31. Bxc6 axb3 32. Ba4 bxa2+ 33. Kxa2
Qa5 34. Qd2 Ne6 35. Qd7+ Kh6 36. Qxe6 Qxc3 37. Qxb6 Qa1+ 38. Kb3 Qb2# 0-1

[Event "ICS rated blitz match"]
[Site "204.178.125.65"]
[Date "2000.02.29"]
[Round "?"]
[White "ewalter"]
[Black "Hossa"]
[Result "0-1"]
[WhiteElo "2264"]
[BlackElo "2356"]
[PlyCount "104"]

1. e4 c5 2. Nf3 d6 3. d4 cxd4 4. Nxd4 Nf6 5. Nc3 g6 6. Bc4 Nbd7 7. Bb3 Nc5 8.
f3 Nxb3 9. axb3 Bg7 10. Be3 O-O 11. Qd2 d5 12. e5 Nd7 13. e6 Nf6 14. exf7+ Rxf7
15. f4 Ne4 16. Nxe4 dxe4 17. O-O Bg4 18. h3 Bd7 19. Rad1 Qc7 20. c3 Raf8 21.
Ne2 Bb5 22. c4 Bc6 23. Bd4 Rd8 24. Qc3 Bf6 25. Be5 Qc8 26. Nd4 Rdf8 27. Bxf6
Rxf6 28. Qe3 R6f7 29. b4 b6 30. b5 Ba8 31. b3 Qc5 32. g3 Rd8 33. Nc2 Rxd1 34.
Rxd1 Qc8 35. Qd4 Qxh3 36. Qf2 Rf8 37. Ne3 e5 38. Qg2 Qh6 39. Ng4 Qh5 40. Qe2
exf4 41. Rd7 fxg3 42. Qb2 Rf1+ 43. Kxf1 Qh1+ 44. Ke2 Qg2+ 45. Ke3 Qxb2 46. Nh6+
Kf8 47. Rd8+ Kg7 48. Rxa8 Kxh6 49. Rxa7 g2 50. Re7 g1=Q+ 51. Kxe4 Qe2+ 52. Kd5
Qc5# 0-1

[Event "ICS rated blitz match"]
[Site "204.178.125.65"]
[Date "2000.02.29"]
[Round "?"]
[White "Hossa"]
[Black "MissSilicon"]
[Result "1/2-1/2"]
[WhiteElo "2376"]
[BlackElo "2655"]
[PlyCount "70"]

1. e4 e5 2. Nf3 Nc6 3. Bb5 Bc5 4. c3 Nf6 5. d4 exd4 6. e5 Qe7 7. O-O Ne4 8.
cxd4 Bb4 9. Qc2 f5 10. Nc3 Bxc3 11. bxc3 O-O 12. Qb3+ Kh8 13. Re1 Qd8 14. Be3
d5 15. exd6 cxd6 16. Rad1 Qf6 17. Re2 Be6 18. Qb2 Rae8 19. Bf4 Re7 20. Rde1
Rfe8 21. Qa3 Bf7 22. h4 Bh5 23. Bg5 Qg6 24. Bxe7 Bxf3 25. Bg5 Bxe2 26. Rxe2 a6
27. Bd3 Nxg5 28. Rxe8+ Qxe8 29. hxg5 Qe1+ 30. Kh2 Qxf2 31. Qxd6 Qh4+ 32. Kg1
Qe1+ 33. Kh2 Qh4+ 34. Kg1 Qe1+ 35. Kh2 Qh4+ 1/2-1/2

[Event "ICS rated blitz match"]
[Site "204.178.125.65"]
[Date "2000.02.29"]
[Round "?"]
[White "MissSilicon"]
[Black "Hossa"]
[Result "1-0"]
[WhiteElo "2644"]
[BlackElo "2387"]
[PlyCount "101"]

1. Nf3 Nf6 2. c4 c5 3. Nc3 e6 4. d4 cxd4 5. Nxd4 Bb4 6. Nc2 Bxc3+ 7. bxc3 O-O
8. Ba3 Re8 9. Qd3 Nc6 10. O-O-O Qa5 11. e4 d6 12. Bxd6 Qxa2 13. e5 Nd7 14. Qe2
Qa5 15. f4 Rd8 16. Qe3 Qa2 17. Nb4 Qa4 18. Nxc6 bxc6 19. Bd3 Qa1+ 20. Bb1 g6
21. Rd2 Qa4 22. Be7 Re8 23. Bb4 Qa6 24. Qd4 Qb7 25. Bd6 a5 26. Rhd1 a4 27. Rb2
Qa6 28. Be4 Bb7 29. Re2 Rec8 30. Be7 Rc7 31. Qd6 Qb6 32. Qb4 Qa7 33. Bd6 Rcc8
34. Kc2 a3 35. Ra1 f5 36. exf6 Nxf6 37. Bf3 Ba6 38. Rxe6 Ne8 39. Rxa3 Qf2+ 40.
Re2 Qf1 41. Be5 h6 42. Bg4 c5 43. Qb6 Bxc4 44. Qxg6+ Kf8 45. Qxh6+ Kg8 46. Qh8+
Kf7 47. Qh7+ Kf8 48. Bd6+ Nxd6 49. Qh8+ Bg8 50. Qh6+ Kf7 51. Bh5# 1-0

[Event "ICS rated blitz match"]
[Site "204.178.125.65"]
[Date "2000.02.29"]
[Round "?"]
[White "frankenpole"]
[Black "Hossa"]
[Result "0-1"]
[WhiteElo "2110"]
[BlackElo "2381"]
[PlyCount "48"]

1. e4 e5 2. Nf3 Nc6 3. Bb5 Nf6 4. Bxc6 dxc6 5. O-O Bg4 6. Nc3 Bb4 7. a3 Bxc3 8.
dxc3 Nxe4 9. Qxd8+ Rxd8 10. h3 Bxf3 11. gxf3 Nd2 12. Bxd2 Rxd2 13. Rac1 Ke7 14.
Rfe1 Kf6 15. f4 exf4 16. Re4 g5 17. h4 Rg8 18. hxg5+ Kxg5 19. Kf1 Rgd8 20. Re5+
Kg4 21. Ree1 Kf3 22. Re7 Rg8 23. Ke1 Rxf2 24. Rd1 Rg1# 0-1

[Event "ICS Rated standard match"]
[Site "204.178.125.65"]
[Date "2000.02.29"]
[Round "?"]
[White "Hossa"]
[Black "Talmoves"]
[Result "0-1"]
[WhiteElo "2254"]
[BlackElo "2421"]
[PlyCount "216"]

1. e4 e5 2. Nf3 Nc6 3. Nc3 Nf6 4. d4 exd4 5. Nxd4 Bb4 6. Nxc6 bxc6 7. Bd3 O-O
8. O-O d5 9. exd5 cxd5 10. Bg5 Be6 11. Qf3 Be7 12. Rfe1 h6 13. Bf4 c6 14. Ne2
Qb6 15. Rab1 Rfe8 16. Be5 Ng4 17. Bg3 Bf6 18. Bf5 Ne5 19. Bxe5 Bxe5 20. c3 Bxf5
21. Qxf5 Bd6 22. g3 Re6 23. Qg4 Rae8 24. b4 Re4 25. Qf3 Qa6 26. Rb2 R8e6 27.
Rd2 Rf6 28. Qg2 Bc7 29. Qf1 Rfe6 30. Rb1 c5 31. Rbb2 Qc4 32. bxc5 Qxc5 33. Rb1
Rf6 34. Rb7 Bb6 35. Rb8+ Kh7 36. Nf4 Qxc3 37. Qd3 Qxd3 38. Nxd3 Rd4 39. Kg2 Rc6
40. Re8 Rc3 41. Re3 Ra3 42. h4 f6 43. Rf3 g5 44. hxg5 hxg5 45. Re3 Kg8 46. Rf3
g4 47. Re3 Rda4 48. Ree2 Ba5 49. Rd1 Rd4 50. Nb2 Rxd1 51. Nxd1 Bb6 52. Ne3 Bxe3
53. fxe3 Kf7 54. Kf2 Ke7 55. Rb2 Ke6 56. Rc2 Ke5 57. Rb2 Ra4 58. Ke2 Ke4 59.
Rd2 Rb4 60. a3 Rc4 61. Kf2 f5 62. Rb2 Kd3 63. Rb5 Rc2+ 64. Kg1 Kxe3 65. Rxd5
Ke4 66. Rb5 Rc3 67. Kg2 Rxa3 68. Rb4+ Ke5 69. Rb5+ Kf6 70. Rb8 Ra2+ 71. Kf1
Ra1+ 72. Ke2 Ra3 73. Kf2 Rf3+ 74. Kg2 Kg6 75. Rg8+ Kh6 76. Rh8+ Kg7 77. Rc8 Ra3
78. Kf2 a5 79. Rc6 Rf3+ 80. Kg2 a4 81. Rc7+ Kg6 82. Ra7 a3 83. Ra8 Kg5 84. Rg8+
Kf6 85. Ra8 Kg6 86. Ra6+ Kg5 87. Ra8 Rc3 88. Rg8+ Kf6 89. Rf8+ Kg6 90. Kf2 f4
91. Rg8+ Kh7 92. Rxg4 a2 93. Rh4+ Kg6 94. Rh1 fxg3+ 95. Kg2 Ra3 96. Ra1 Kf5 97.
Rf1+ Ke4 98. Re1+ Kd3 99. Ra1 Kc2 100. Kf1 Kb2 101. Kg2 Kxa1 102. Kh3 g2+ 103.
Kg4 g1=Q+ 104. Kf5 Qc5+ 105. Kf6 Ra7 106. Ke6 Kb1 107. Kf6 a1=Q+ 108. Ke6 Qce5#
0-1

[Event "ICS rated bullet match"]
[Site "204.178.125.65"]
[Date "2000.02.29"]
[Round "?"]
[White "Hossa"]
[Black "Talmoves"]
[Result "0-1"]
[WhiteElo "2468"]
[BlackElo "2411"]
[PlyCount "88"]

1. e4 c5 2. Nf3 Nc6 3. d4 cxd4 4. Nxd4 Nf6 5. Nc3 d6 6. Bg5 e6 7. Qd2 a6 8.
O-O-O h6 9. Be3 Be7 10. f4 Nxd4 11. Bxd4 b5 12. Qe3 Bb7 13. Bxf6 gxf6 14. Bd3
Qa5 15. Kb1 b4 16. Ne2 O-O-O 17. Rhe1 d5 18. Ng3 d4 19. Qe2 b3 20. axb3 Bb4 21.
Rf1 Rh7 22. e5 Rhh8 23. exf6 Rhg8 24. Be4 Bxe4 25. Qxe4 Qd5 26. Qd3 Kb7 27. Qh7
Rdf8 28. Rf2 Kc8 29. Re2 Rg6 30. Re4 Bc5 31. Re5 Qc6 32. Rh5 Kb8 33. Rxh6 Rxh6
34. Qxh6 Qxg2 35. Qh5 Bb6 36. c3 Rd8 37. Rc1 dxc3 38. bxc3 Rd2 39. Qh8+ Ka7 40.
Ne2 Qe4+ 41. Ka1 Qxe2 42. Qa8+ Kxa8 43. Kb1 Ra2 44. h4 Qb2# 0-1

[Event "ICS rated bullet match"]
[Site "204.178.125.65"]
[Date "2000.02.29"]
[Round "?"]
[White "Talmoves"]
[Black "Hossa"]
[Result "1-0"]
[WhiteElo "2430"]
[BlackElo "2449"]
[PlyCount "127"]

1. c4 e5 2. Nc3 Nf6 3. g3 c6 4. Nf3 e4 5. Nd4 d5 6. cxd5 cxd5 7. d3 exd3 8.
Qxd3 Nc6 9. Bg2 Bc5 10. Nb3 Nb4 11. Qb5+ Nd7 12. O-O a6 13. Qa4 Nc2 14. Nxc5
Nxa1 15. Be3 b5 16. Qf4 Nxc5 17. Bxc5 Be6 18. Rxa1 f6 19. Rd1 Rc8 20. Qe3 Kf7
21. Bxd5 Bxd5 22. Rxd5 Qc7 23. Ne4 Rhd8 24. Nd6+ Rxd6 25. Bxd6 Qc1+ 26. Qxc1
Rxc1+ 27. Kg2 Rc2 28. Ba3 Rxe2 29. Rd7+ Kg6 30. Ra7 b4 31. Kf3 Rc2 32. Bxb4
Rxb2 33. Bf8 Rxa2 34. g4 h5 35. Rxg7+ Kh6 36. h4 hxg4+ 37. Kxg4 f5+ 38. Kh3 Ra5
39. Kg3 Ra1 40. Rg5+ Kh7 41. Rxf5 Kg6 42. Re5 Rh1 43. Ra5 Rg1+ 44. Kh2 Rg4 45.
Rxa6+ Kf7 46. Kh3 Rc4 47. Bh6 Re4 48. f4 Re1 49. Kg4 Rf1 50. Kf5 Rh1 51. Bg5
Ke8 52. Kg6 Kd7 53. h5 Kc7 54. f5 Kb7 55. Re6 Rh2 56. f6 Kc8 57. f7 Rf2 58. Rf6
Rc2 59. f8=Q+ Kb7 60. Qb4+ Kc8 61. Rb6 Rc6+ 62. Rxc6+ Kd7 63. Qc5 Ke8 64. Qe7#
1-0

[Event "ICS rated standard match"]
[Site "204.178.125.65"]
[Date "2000.02.29"]
[Round "?"]
[White "star"]
[Black "Hossa"]
[Result "1-0"]
[WhiteElo "2497"]
[BlackElo "2245"]
[PlyCount "61"]

1. Nc3 d5 2. e4 dxe4 3. Nxe4 e5 4. Bc4 Nc6 5. Nf3 Be7 6. d4 exd4 7. O-O Bf5 8.
Ng3 Bg4 9. h3 Bxf3 10. Qxf3 Nf6 11. Nf5 O-O 12. Bh6 Ne8 13. Rae1 Bf6 14. Bf4
Bg5 15. Rxe8 Qxe8 16. Bxg5 Qe5 17. Nh6+ Kh8 18. Bh4 g5 19. Bg3 Qe7 20. Qd5 f5
21. f4 Qe3+ 22. Kh2 Rae8 23. Nf7+ Kg7 24. Re1 Qd2 25. Qxf5 Qa5 26. Re5 h6 27.
fxg5 Re6 28. Bxe6 Qd2 29. Qf6+ Kh7 30. g6+ Kg8 31. Nxh6# 1-0

[Event "ICS rated standard match"]
[Site "204.178.125.65"]
[Date "2000.02.29"]
[Round "?"]
[White "Hossa"]
[Black "star"]
[Result "0-1"]
[WhiteElo "2239"]
[BlackElo "2503"]
[PlyCount "116"]

1. c4 e5 2. Nc3 Nf6 3. Nf3 Nc6 4. e3 Bb4 5. Qc2 O-O 6. Nd5 Re8 7. Bd3 g6 8. a3
Bf8 9. Nxf6+ Qxf6 10. Be4 d6 11. b4 Bf5 12. Bb2 Bxe4 13. Qxe4 Bg7 14. c5 dxc5
15. bxc5 Nd4 16. Rb1 b6 17. Qb7 Rab8 18. Qxa7 Nxf3+ 19. gxf3 Qc6 20. Qa6 Qxf3
21. Rg1 bxc5 22. Qc4 Re6 23. Qc3 Reb6 24. a4 Rb3 25. Qc2 e4 26. Rg3 Qh1+ 27.
Ke2 Rxb2 28. Qxb2 Qxb1 29. Qxb1 Rxb1 30. f3 Rb4 31. Rg5 exf3+ 32. Kxf3 f5 33.
a5 Ra4 34. Rg1 Rxa5 35. Rc1 Kf7 36. h3 Ke6 37. d3 Ra3 38. Rxc5 Kd6 39. Rb5 Rxd3
40. Rb8 Bd4 41. Rd8+ Ke5 42. Re8+ Kf6 43. Ke2 Rxe3+ 44. Rxe3 Bxe3 45. Kxe3 Kg5
46. Kf3 c5 47. Kg3 c4 48. h4+ Kh5 49. Kf3 c3 50. Kf4 c2 51. Ke5 c1=Q 52. Kd4 f4
53. Kd5 f3 54. Ke5 Qc5+ 55. Ke6 f2 56. Kd7 f1=Q 57. Ke8 Qc6+ 58. Ke7 Qff6# 0-1

[Event "ICS rated blitz match"]
[Site "204.178.125.65"]
[Date "2000.02.29"]
[Round "?"]
[White "Hossa"]
[Black "lupica"]
[Result "1-0"]
[WhiteElo "2393"]
[BlackElo "1986"]
[PlyCount "85"]

1. e4 g6 2. d4 Bg7 3. Nc3 c6 4. Nf3 d6 5. Be3 b5 6. Bd3 a6 7. a4 b4 8. Na2 a5
9. e5 Nd7 10. exd6 exd6 11. O-O Ngf6 12. Bf4 Nb6 13. Re1+ Kf8 14. Nc1 Nbd5 15.
Bg5 h6 16. Bd2 Be6 17. Bxg6 fxg6 18. Rxe6 Qd7 19. Re2 Kf7 20. Nd3 Rhe8 21.
Nde5+ dxe5 22. Nxe5+ Rxe5 23. dxe5 Qe6 24. exf6 Qxf6 25. Ra2 Kg8 26. Qc1 Kh7
27. Be3 Rf8 28. Bc5 Rf7 29. Re8 h5 30. Ra8 Bh6 31. Qd1 Qe6 32. Ra1 Bf4 33. Rxa5
h4 34. Ra7 Rxa7 35. Bxa7 Qe5 36. g3 hxg3 37. hxg3 Bxg3 38. fxg3 Qxg3+ 39. Kf1
Qh3+ 40. Ke1 Qh1+ 41. Kd2 Qh6+ 42. Kd3 Qh3+ 43. Kc4 1-0

[Event "ICS rated blitz match"]
[Site "204.178.125.65"]
[Date "2000.02.29"]
[Round "?"]
[White "Amateur"]
[Black "Hossa"]
[Result "1/2-1/2"]
[WhiteElo "2471"]
[BlackElo "2424"]
[PlyCount "128"]

1. c4 c5 2. Nf3 Nf6 3. d4 cxd4 4. Nxd4 e6 5. g3 Bb4+ 6. Bd2 Bxd2+ 7. Nxd2 Nc6
8. Nxc6 dxc6 9. Qb3 Qb6 10. Bg2 e5 11. Qxb6 axb6 12. Ne4 Nxe4 13. Bxe4 Be6 14.
Bd3 Ke7 15. Kd2 f5 16. Kc3 e4 17. Bc2 Rhd8 18. Rhg1 b5 19. b3 b4+ 20. Kxb4 Rd2
21. Bd1 Raxa2 22. Rxa2 Rxa2 23. Kc5 Kd7 24. h3 Rd2 25. g4 f4 26. Kb6 Rb2 27.
Kc5 g5 28. Re1 b5 29. Rf1 Rb1 30. e3 bxc4 31. bxc4 Rc1 32. Be2 Rc2 33. Re1 f3
34. Rd1+ Kc7 35. Bf1 Bf7 36. Ra1 Be8 37. Kd4 Bg6 38. Ke5 Rxf2 39. Kf6 Rb2 40.
Kxg5 Kd6 41. h4 Rb7 42. h5 Bf7 43. Kf4 Be6 44. h6 Rf7+ 45. Kxe4 Bxg4 46. Ra5
Bd7 47. c5+ Ke7 48. Ra8 Rf6 49. Rb8 f2 50. Rb2 Bg4 51. Kd4 Kf7 52. Rb7+ Kg6 53.
Rg7+ Kh5 54. e4 Rxh6 55. Rf7 Kg5 56. Rxf2 Rg6 57. e5 h5 58. Bd3 Rh6 59. Be4 h4
60. Rf7 h3 61. Rg7+ Kf4 62. Rf7+ Kg5 63. Rg7+ Kf4 64. Rf7+ Kg5 1/2-1/2

[Event "ICS rated blitz match"]
[Site "204.178.125.65"]
[Date "2000.02.29"]
[Round "?"]
[White "sergor"]
[Black "Hossa"]
[Result "0-1"]
[WhiteElo "2140"]
[BlackElo "2431"]
[PlyCount "45"]

1. d4 d5 2. c4 e6 3. cxd5 exd5 4. Nc3 Nf6 5. Bg5 Be7 6. e3 h6 7. Bh4 O-O 8. Bd3
Nc6 9. Nge2 Re8 10. a3 Ng4 11. Bxe7 Nxe7 12. h3 Nf6 13. Qc2 g6 14. g4 Bd7 15.
O-O-O c6 16. Kb1 Qb6 17. Ka1 c5 18. dxc5 Qxc5 19. Nd4 Rec8 20. Qb1 Rc7 21. Rc1
Rac8 22. Ncb5 Qxc1 23. Rxc1 0-1